مكتبة جامعة عجلون الوطنية

فهرس بحث المكتبة

النحت الصرحي في العالم العربي : حدود التجسيم في الفضاء العمومي / (Record no. 33733)

MARC details
000 -LEADER
fixed length control field 00642nam a22001817a 4500
003 - CONTROL NUMBER IDENTIFIER
control field JO-AjAnu
005 - DATE AND TIME OF LATEST TRANSACTION
control field 20241019083651.0
008 - FIXED-LENGTH DATA ELEMENTS--GENERAL INFORMATION
fixed length control field 241019b jo ||||| |||| 00| 0 ara d
040 ## - CATALOGING SOURCE
Transcribing agency JO-AjAnu
041 ## - LANGUAGE CODE
Language code of text/sound track or separate title ARA
100 #1 - MAIN ENTRY--PERSONAL NAME
Personal name عميروش، بنيوس
9 (RLIN) 66257
Relator term مؤلف
245 20 - TITLE STATEMENT
Title النحت الصرحي في العالم العربي : حدود التجسيم في الفضاء العمومي /
Statement of responsibility, etc. تأليف بنيوس عميروش
250 ## - EDITION STATEMENT
Edition statement الطبعة الاولى
260 ## - PUBLICATION, DISTRIBUTION, ETC.
Place of publication, distribution, etc. عمان:
Name of publisher, distributor, etc. دار خطوط وظلال للنشر،
Date of publication, distribution, etc. 2024
300 ## - PHYSICAL DESCRIPTION
Extent 220صفحة
650 70 - SUBJECT ADDED ENTRY--TOPICAL TERM
Topical term or geographic name entry element النحت
9 (RLIN) 66258
942 ## - ADDED ENTRY ELEMENTS (KOHA)
Source of classification or shelving scheme Library of Congress Classification
Koha item type Books
Suppress in OPAC No
Holdings
Withdrawn status Lost status Source of classification or shelving scheme Damaged status Not for loan Home library Current library Date acquired Total Checkouts Full call number Barcode Date last seen Price effective from Koha item type
    Library of Congress Classification     مكتبة جامعة عجلون الوطنية مكتبة جامعة عجلون الوطنية 19/10/2024   NB1140 2024 A30084 19/10/2024 19/10/2024 Books